[Event "FRA-ch U20 Girls"]
[Site "Hyeres"]
[Date "2019.04.14"]
[Round "1"]
[White "Bellahcene, Anissa"]
[Black "Ranguin, Anna"]
[Result "0-1"]
[WhiteElo "1816"]
[BlackElo "1539"]
[PlyCount "134"]
[EventDate "2019.04.14"]
[EventType "swiss"]
[EventRounds "9"]
[EventCountry "FRA"]
[SourceTitle "CBM 190 Extra"]
[Source "ChessBase"]
[SourceDate "2019.07.15"]
[SourceVersion "1"]
[SourceVersionDate "2019.07.15"]
[SourceQuality "1"]

1. e4 c5 2. c3 d5 3. exd5 Qxd5 4. Na3 a6 5. Nf3 Bg4 6. Bc4 Qe4+ 7. Qe2 Bxf3 8. gxf3 Qxe2+ 9. Kxe2 e6 10. d3 Nf6 11. Rg1 Nc6 12. Bb3 b5 13. Be3 g6 14. c4 Nd4+ 15. Bxd4 cxd4 16. cxb5 Bxa3 17. bxa3 axb5 18. Rg5 Rxa3 19. Rxb5 0-0 20. Rc1 Ra7 21. Rbc5 Nh5 22. Rc7 Nf4+ 23. Kd2 Ra5 24. R1c5 Rxc5 25. Rxc5 Ra8 26. a4 Kf8 27. a5 Ra7 28. Bc4 Ke7 29. a6 Kd6 30. Rc8 Nd5 31. Rb8 Nc7 32. Kc2 Kc6 33. Rc8 Kd7 34. Rh8 h5 35. Rb8 Nxa6 36. Bb5+ Ke7 37. Re8+ Kd6 38. Rd8+ Ke5 39. f4+ Kxf4 40. Rxd4+ Kf3 41. Ra4 Rc7+ 42. Kd2 Nc5 43. Ke1 Nb3 44. Bc4 Nd4 45. Bd5+ exd5 46. Rxd4 Rc1+ 47. Kd2 Rc5 48. Rb4 f5 49. Rb6 g5 50. Rg6 g4 51. Rg5 f4 52. Rxh5 Kxf2 53. Rf5 Kf3 54. d4 Ra5 55. Rh5 g3 56. hxg3 fxg3 57. Rf5+ Kg2 58. Ke3 Kh1 59. Rh5+ Kg1 60. Kf3 g2 61. Rg5 Ra3+ 62. Ke2 Ra2+ 63. Ke3 Kf1 64. Rf5+ Ke1 65. Rg5 Ra3+ 66. Kf4 Kf2 67. Ke5 Rg3 0-1